LEADER 00948nam0-2200313---450- 001 990008600820403321 005 20080115094009.0 010 $a90-420-1658-2 035 $a000860082 035 $aFED01000860082 035 $a(Aleph)000860082FED01 035 $a000860082 100 $a20080114d2005----km-y0itay50------ba 101 0 $aeng 102 $aNL 105 $aa-------001yy 200 1 $aTotally un-english?$eBritain's internment of 'enemy aliens' in two world wars$fedited by Richard Dove 210 $aAmsterdam ; New York$cRodopi$d2005 215 $a209 p.$cill.$d22 cm 225 1 $a<>yearbook of the research centre for German and Austrian exile studies$v7 676 $a941.082$v21$zita 702 1$aDove,$bRichard 801 0$aIT$bUNINA$gRICA$2UNIMARC 901 $aBK 912 $a990008600820403321 952 $aXIV B 1984$b42789$fFSPBC 959 $aFSPBC 996 $aTotally un-english$9712289 997 $aUNINA LEADER 00997nam--2200349---450- 001 990006115370203316 005 20160122113759.0 035 $a000611537 035 $aUSA01000611537 035 $a(ALEPH)000611537USA01 035 $a000611537 100 $a20160122d1965----km-y0itay50------ba 101 $aita 102 $aIT 105 $a||||||||001yy 200 1 $aAutodifesa di un folle$fAugust Strindberg 210 $aMilano$cGiordano$d1965 215 $a365 p.$d20 cm 225 2 $a<> anelli$iNarrativa$v1 300 $aTraduzione di Nino Jafanti 410 0$12001$a<> anelli$iNarrativa$v1 454 1$12001$a<> plaidoyer d'un fou$91384339 676 $a839.7 700 1$aSTRINDBERG,$bAugust$0126055 801 0$aIT$bsalbc$gISBD 912 $a990006115370203316 951 $aXV.9.M. 2452$b4274 MAR$cXV.9.M.$d386649 959 $aBK 969 $aMAR 979 $aIANNONE$b90$c20160122$lUSA01$h1137 996 $aPlaidoyer d'un fou$91384339 997 $aUNISA